<?xml version="1.0" encoding="UTF-8"?>
<collection xmlns="http://www.loc.gov/MARC21/slim">
 <record>
  <leader>01900nam a2200301 a 4500</leader>
  <controlfield tag="001">1/39861</controlfield>
  <controlfield tag="008">100518s1995    ne ab    b    101 0 eng  </controlfield>
  <datafield tag="020" ind1=" " ind2=" ">
   <subfield code="a">9780444820709 (electronic bk.)</subfield>
  </datafield>
  <datafield tag="035" ind1=" " ind2=" ">
   <subfield code="l">42583</subfield>
  </datafield>
  <datafield tag="040" ind1=" " ind2=" ">
   <subfield code="a">OPELS</subfield>
   <subfield code="c">OPELS</subfield>
   <subfield code="d">GR-PeUP</subfield>
  </datafield>
  <datafield tag="041" ind1="0" ind2=" ">
   <subfield code="a">eng</subfield>
  </datafield>
  <datafield tag="111" ind1="2" ind2=" ">
   <subfield code="a">International Symposium on the Biology of Marine Mammals in the North East Atlantic</subfield>
   <subfield code="d">(1994 :</subfield>
   <subfield code="c">Troms, Norway)</subfield>
  </datafield>
  <datafield tag="245" ind1="1" ind2="0">
   <subfield code="a">Whales, seals, fish, and man</subfield>
   <subfield code="h">[electronic resource] :</subfield>
   <subfield code="b">proceedings of the International Symposium on the Biology of Marine Mammals in the North East Atlantic, Troms&quot;, Norway, 29 November-1 December 1994 /</subfield>
   <subfield code="c">editors, Arnoldus Schytte Blix, Lars Walloe, Oyvind Ulltang.</subfield>
  </datafield>
  <datafield tag="260" ind1=" " ind2=" ">
   <subfield code="a">Amsterdam ;</subfield>
   <subfield code="a">New York :</subfield>
   <subfield code="b">Elsevier,</subfield>
   <subfield code="c">1995.</subfield>
  </datafield>
  <datafield tag="300" ind1=" " ind2=" ">
   <subfield code="a">Ένα html e-book.</subfield>
  </datafield>
  <datafield tag="490" ind1="1" ind2=" ">
   <subfield code="a">Developments in marine biology ;</subfield>
  </datafield>
  <datafield tag="504" ind1=" " ind2=" ">
   <subfield code="a">Περιέχει βιβλιογραφία και ευρετήριο.</subfield>
  </datafield>
  <datafield tag="520" ind1="0" ind2=" ">
   <subfield code="a">This volume outlines the major findings from the Norwegian research programme on whales and seals in Norwegian waters. A wide range of topics are covered, including physiological aspects, social organization, population dynamics, stock assessment and management. The book will be of great value to scientists and managers, as well as to members of the general public interested in environmental issues.</subfield>
  </datafield>
  <datafield tag="533" ind1=" " ind2=" ">
   <subfield code="a">Ηλεκτρονικό βιβλίο</subfield>
   <subfield code="n">Τρόπος πρόσβασης μέσω διαδικτύου.</subfield>
  </datafield>
  <datafield tag="650" ind1=" " ind2="4">
   <subfield code="a">Marine mammals</subfield>
   <subfield code="z">North Atlantic Ocean</subfield>
   <subfield code="x">Congresses.</subfield>
  </datafield>
  <datafield tag="650" ind1=" " ind2="4">
   <subfield code="a">Fisheries</subfield>
   <subfield code="z">North Atlantic Ocean</subfield>
   <subfield code="x">Congresses.</subfield>
  </datafield>
  <datafield tag="655" ind1=" " ind2="4">
   <subfield code="a">Electronic books.</subfield>
  </datafield>
  <datafield tag="700" ind1="1" ind2=" ">
   <subfield code="a">Blix, Arnoldus Schytte.</subfield>
  </datafield>
  <datafield tag="700" ind1="1" ind2=" ">
   <subfield code="a">Walloe, Lars.</subfield>
  </datafield>
  <datafield tag="700" ind1="1" ind2=" ">
   <subfield code="a">Ulltang, Oyvind.</subfield>
  </datafield>
  <datafield tag="830" ind1=" " ind2=" ">
   <subfield code="a">Developments in marine biology ;</subfield>
   <subfield code="v">4</subfield>
  </datafield>
  <datafield tag="852" ind1=" " ind2=" ">
   <subfield code="a">INST</subfield>
   <subfield code="b">UNIPILB</subfield>
   <subfield code="c">EBOOKS</subfield>
   <subfield code="e">20100518</subfield>
   <subfield code="p">00b42583</subfield>
   <subfield code="q">00b42583</subfield>
   <subfield code="t">ONLINE</subfield>
   <subfield code="y">0</subfield>
  </datafield>
  <datafield tag="856" ind1="4" ind2="0">
   <subfield code="u">http://www.sciencedirect.com/science/publication?issn=01636995&amp;volume=4</subfield>
  </datafield>
 </record>
</collection>
